Country Flags starting with B - Statistics

General Stats
  • This quiz has been taken 20 times
  • The average score is 13 of 17
Answer Stats
Picture Answer % Correct
Brazil
94%
Belgium
88%
Bahamas
82%
Bahrain
82%
Bangladesh
82%
Barbados
82%
Bhutan
82%
Botswana
82%
Belize
76%
Brunei
76%
Bulgaria
76%
Burkina Faso
76%
Belarus
71%
Benin
71%
Bolivia
71%
Bosnia and Herzegovina
71%
Burundi
65%
No matching quizzes found
Score Distribution
Percent of People with Each Score
Percentile by Number Answered
Your Score History
You have not taken this quiz